000 00478nam a2200181Ia 4500
001 1652
005 20260306143744.0
008 260306t2013||||xx |||||||||||||| ||spa||
041 _aESP
082 _a153.9
_bR93
100 _aRuiz Aranda, Desireé
_eAUT
245 0 _aPrograma INTEMO:
_bguía para mejorar la inteligencia emocional de los adolescentes
260 _c2013
300 _a186 páginas :
_c23 cm.
650 _aGEN
654 _aCPS
942 _cLIB
_dJUS
_fJUS
_2ddc
_n
999 _c1652
_d1652